Słowa z końcówką -ść - Statystyki

Ogólne statystyki
  • Ten quiz został rozwiązany 219 razy
    121 od ostatniego zresetowania
  • Średni wynik to 14 z 180
Statystyki odpowiedzi
Hint Odpowiedź % Poprawnych
5 Liść
75%
1 Iść
60%
4 Kość
60%
12 Kiść
58%
13 Maść
49%
109 Kraść
44%
6 Miłość
44%
38 Radość
38%
20 Jeść
36%
9 Dość
35%
63 Gość
33%
137 Garść
31%
81 Ość
31%
126 Wieść
31%
53 Złość
27%
29 Starość
24%
21 Teść
24%
80 Cześć
22%
8 Dojść
22%
3 Młodość
22%
7 Wyjść
22%
107 Wejść
20%
64 Zawiść
20%
79 Nienawiść
18%
11 Pięść
18%
112 Spaść
18%
142 Zejść
18%
40 Litość
16%
105 Ludzkość
16%
143 Zjeść
15%
48 Napaść
13%
129 Powieść
13%
136 Wielkość
13%
67 Zajść
13%
117 Kłaść
11%
60 Nagość
11%
39 Wolność
11%
113 Wpaść
11%
144 Znieść
11%
133 Całość
9%
132 Czułość
9%
45 Jakość
9%
135 Małość
9%
66 Odejść
9%
62 Przyjść
9%
30 Wnieść
9%
17 Wynieść
9%
145 Zanieść
9%
25 Ilość
7%
26 Mądrość
7%
70 Męskość
7%
51 Odporność
7%
56 Opowieść
7%
84 Ujść
7%
110 Ukraść
7%
152 Wierność
7%
154 Wrogość
7%
2 Dbałość
5%
58 Dojrzałość
5%
37 Godność
5%
65 Najeść
5%
47 Nowość
5%
18 Okraść
5%
108 Opaść
5%
10 Opuść
5%
24 Przyjemność
5%
32 Równość
5%
69 Wieczność
5%
33 Wojskowość
5%
171 Zapaść
5%
158 Boskość
4%
71 Damskość
4%
15 Fizyczność
4%
41 Hojność
4%
74 Jasność
4%
89 Liczebność
4%
106 Ludność
4%
77 Nadejść
4%
134 Namiętność
4%
16 Narodowość
4%
111 Odpaść
4%
57 Odpowiedzialność
4%
19 Popularność
4%
173 Skromność
4%
90 Słodkość
4%
153 Uliczność
4%
146 Zamieść
4%
61 Bladość
2%
159 Bliskość
2%
75 Ciemność
2%
160 Dalekość
2%
93 Elastyczność
2%
162 Gotowość
2%
86 Grzeczność
2%
98 Historyczność
2%
115 Informatyczność
2%
119 Jedność
2%
130 Klasyczność
2%
97 Kreatywność
2%
73 Księgowość
2%
103 Matematyczność
2%
101 Miękkość
2%
31 Nierówność
2%
161 Odległość
2%
180 Plastyczność
2%
138 Podpuść
2%
118 Popaść
2%
14 Prędkość
2%
122 Prywatność
2%
121 Publiczność
2%
99 Religijność
2%
22 Skuteczność
2%
91 Słabość
2%
52 Slowność
2%
179 Słuszność
2%
46 Stanowczość
2%
166 Świetność
2%
59 Szarość
2%
163 Telefoniczność
2%
100 Twardość
2%
50 Waleczność
2%
54 Właściwość
2%
43 Własność
2%
23 Wyrozumiałość
2%
35 Życzliwość
2%
94 Akustyczność
0%
157 Automatyczność
0%
128 Bankowość
0%
88 Bezczelność
0%
170 Ciekawość
0%
34 Częstotliwość
0%
82 Diabelskość
0%
148 Dobrowolność
0%
150 Dostępność
0%
149 Dowolność
0%
176 Działalność
0%
172 Dziwność
0%
55 Dźwiękowość
0%
164 Ekonomiczność
0%
177 Gospodarczość
0%
131 Kaloryczność
0%
76 Konieczność
0%
27 Kulturalność
0%
141 Łączność
0%
78 Lojalność
0%
124 Miejscowość
0%
120 Naiwność
0%
95 Natarczywość
0%
178 Niepodległość
0%
127 Nieruchomość
0%
174 Niestrawność
0%
123 Okoliczność
0%
85 Okropność
0%
116 Opiekuńczość
0%
139 Osobowość
0%
151 Pewność
0%
96 Przydatność
0%
155 Przyjacielskość
0%
156 Przynależność
0%
83 Rozbieżność
0%
104 Ruchliwość
0%
167 Sekretność
0%
140 Sensowność
0%
68 Skoczność
0%
28 Skrupulatność
0%
72 Solidność
0%
175 Strawność
0%
87 Światłość
0%
168 Świętość
0%
102 Systematyczność
0%
169 Szkodliwość
0%
165 Tajemniczość
0%
36 Uciążliwość
0%
125 Widoczność
0%
42 Wilgotność
0%
114 Wrażliwość
0%
44 Wulgarność
0%
147 Zagnieść
0%
49 Zależność
0%
92 Zrozumiałość
0%
Nie znaleziono quizów pasujących do podanych kryteriów
Rozkład punktacji
Procent ludzi z każdym wynikiem
Percentyl według liczby udzielonych odpowiedzi
Twoja historia wyników
Nie rozwiązałeś tego quizu od ostatniego zresetowania